00695nam a2200217Ia 4500003000900000008004100009040001300050040001300063041000800076100001700084245009700101250001100198260000800209260000900217300001100226300001000237490000600247942000700253999001700260952020000277IT-RoPAU120407s9999 xx 000 0 und d aIT-RoPAU cIT-RoPAU aita aJanko Bubalo aMille incontri con la Madonna. Le apparizioni di Medjugorie raccontate dalla veggente Vicka. aPadova aEMP c1985 a255 p. c21 cm v1 cBK c30577d30577 00102ddc406243_600000000000000_6271aPAULUSbPAULUSd2012-04-11l0o243.6.62r2012-04-11 00:00:00w2012-04-11yBKzInserito da: Jole In data: 22 luglio 2011 fondo: Via A.Severo 56 Progr:26477